Oslavy Antona Bernoláka programový plagát

Zobrazenie: na bielom podklade text čiernej farby.

Bibliographic Details
Format: Photo
Language:Slovak
PhysicalDescription:1 plagát čiernobiely 61 x 43 cm
Published: [Slovensko] [vydavateľ neznámy] 1991
Subjects:

MARC

LEADER 00000nkm a2200000 4500
001 vtls011922882
003 SK-MaSNL
005 20260301052934.0
007 kf co
008 240409q1987 xo g 00 k|slo
015 |a SNBG1987 
035 |a urn:nbn:sk:snk-km00ebuj 
035 |a urn:nbn:sk:snk-km43fbo 
035 |a 02454EA2-48EA-4F9F-A8F5-C1CA9C81E224 
040 |a SNK  |b slo  |c SNK  |e rda 
041 0 |a slo 
044 |a xo  |c SK 
072 7 |a 929  |x Biografie  |2 konspekt 
080 |a 929-058.1  |2 2001 
080 |a (084.5)  |2 2011 
245 0 0 |a Oslavy Antona Bernoláka  |h grafika  |b programový plagát 
264 1 |a [Slovensko]  |b [vydavateľ neznámy]  |c 1991 
300 |a 1 plagát  |b čiernobiely  |c 61 x 43 cm 
336 |a statický obraz  |b sti  |2 rdacontent 
336 |a text  |b txt  |2 rdacontent 
337 |a bez média  |b n  |2 rdamedia 
338 |a list  |b nc  |2 rdacarrier 
500 |a Dátum vydania nie je určený. 
520 |a Zobrazenie: na bielom podklade text čiernej farby. 
655 7 |a plagáty  |2 SNKPH  |9 70571 
852 |a Slovenská národná knižnica v Martine 
958 |a CP 
958 |a TL 
999 |c 607002  |d 608932 
952 |a SNKLM  |b SNKLM  |y PREZ  |7 0  |p 17A1406223  |o snklm L 1933  |i snklm 144/92  |8 7  |0 0  |1 0  |4 0  |d 2020-03-09  |f 1  |l 0  |r 2026-02-23 16:12:16  |w 2026-02-23